000 00559nam a2200205Ia 4500
005 20250326144059.0
008 250326s9999 xx 000 0 und d
037 _aTextbook
040 _aFMSL
_beng
_cFMSL
041 _aeng
_2eng
084 _aX:89(A) P7
_qFMSL
100 _aMukhopadhyay S K
_9738928
245 0 _aProduction. planning and contral
_cMukhopadhyay S K
250 _a2
260 _aNew Delhi
_bNew Delhi, Eastern Economy
_c2007
300 _a371p
365 _b275
942 _cTB
_hX:89(A) P7
999 _c1302279
_d1302279